00265 a2200121 4500001000700000020001800007040001100025100002600036240003500062245003000097300000700127362000900134185782 a85-7160-004-X cMagnum aBorges, Helena Geruza10aColeção arco-íris 1lpor10aColeção arco-íris 1 a120 a1993